| 000 -LEADER |
| fixed length control field |
00510cam a2200157u 4500 |
| 020 ## - INTERNATIONAL STANDARD BOOK NUMBER |
| ISBN |
285794182 |
| 040 ## - CATALOGING SOURCE |
| Transcribing agency |
CarP |
| 082 ## - DEWEY DECIMAL CLASSIFICATION NUMBER |
| Classification number |
ACT GPD 1999 C282 Or. |
| 245 00 - TITLE STATEMENT |
| Title |
Guide pratique de défense des cultures. |
| 260 ## - PUBLICATION, DISTRIBUTION, ETC. (IMPRINT) |
| Place of publication |
Paris, |
| Name of publisher |
Association de coordination technique agricole, Éditions le Carrousel, |
| Year of publication |
1999. |
| 300 ## - PHYSICAL DESCRIPTION |
| Number of Pages |
232 p. |
| Other physical details |
illus. (part col.) |
| Dimensions |
24 cm. |
| 650 #0 - SUBJECT ADDED ENTRY--TOPICAL TERM |
| Topical Term |
Plant diseases. |
| 650 #0 - SUBJECT ADDED ENTRY--TOPICAL TERM |
| Topical Term |
Pests |
| 710 2# - ADDED ENTRY--CORPORATE NAME |
| Corporate name or jurisdiction name as entry element |
Association de coordination technique agricole. [from old catalog] |
| 942 ## - ADDED ENTRY ELEMENTS (KOHA) |
| Koha item type |
ADB |
| 952 ## - LOCATION AND ITEM INFORMATION (KOHA) |
| Withdrawn status [LOCAL, KOHA] |
0 |